000 00664cam a2200229 4500
008 090401t1989 xxu||||| |||| 00| 0 eng d
020 _a0632019980
035 _a(Sirsi) u30649
041 _aeng
050 _a692.3
100 _aWillis, Christopher J
245 _aSpecification writing for architects and surveyors
250 _a9th ed.
260 _aOxford
_bBSP Professional Books
_c1989
300 _a122p. ; 24cm.
350 _a12.95
520 _aPrevious edition by Arthur J. Willis and Christopher J. Willis. Folded plan inside back cover.
650 _aWILLIS ARTHUR J
700 _aWillis, J. Andrew
942 _n0
948 _c04/03/1997
999 _c89502
_d89502